[Event "58. BEM 2004"]
[Site "Dortmund"]
[Date "2004.03.19"]
[Round "9.9"]
[White "Kleymann, Jelena"]
[Black "Grube, Jörg"]
[Result "1-0"]
[WhiteElo "1865"]
[BlackElo "1887"]
[Annotator "Fritz 7 (15s)"]
[PlyCount "75"]
[EventDate "2004.??.??"]
[Source "SG Dortmund"]
[SourceDate "2004.12.16"]

{B07: Pirc Defence: Miscellaneous Systems
} 1. e4 g6 2. d4 Bg7 3. Be3 d6 4. Nc3
Nf6 5. f3 c6 6. Qd2 b5 7. Bh6 Bxh6 8. Qxh6 Nbd7 9. O-O-O (9. Qd2 a6 10. g4 Nb6
11. b3 Qc7 12. Bg2 c5 13. d5 b4 14. Nce2 a5 15. g5 Nfd7 16. h4 a4 17. h5 axb3
18. cxb3 Rf8 19. hxg6 hxg6 20. f4 Ba6 21. Rc1 Qa7 22. Rc2 c4 23. Nd4 Nc5 {
Gazik,I-Zlochevskij,A/Formia 1994/EXT 99/0-1 (47)}) (9. Nge2 b4 10. Nd1 Ba6 11.
Qd2 Qb6 12. Ne3 O-O 13. Ng3 Bxf1 14. Rxf1 c5 15. d5 Qb5 16. f4 c4 17. h4 Rac8
18. Qe2 Qc5 19. h5 Qd4 20. Rd1 Qxb2 21. e5 dxe5 22. f5 e4 23. hxg6 fxg6 {
Fernandez Garcia,I-Salcedo Tornero,P/Madrid 2001/EXT 2002/0-1 (41)}) 9... Qb6
$146 (9... e5 10. Nge2 Qe7 11. g4 b4 12. Na4 Nb6 13. Nxb6 axb6 14. Kb1 c5 15.
dxe5 dxe5 16. Nc1 Bd7 17. h4 O-O-O 18. h5 Rhe8 19. g5 Ng8 20. Qxh7 gxh5 21.
Qxh5 Kc7 22. Bc4 Be6 23. Bxe6 Qxe6 24. Qh2 {
Horvath,K-Rat,D/Hajduboszormeny 1999/EXT 2001/1/2-1/2 (51)}) (9... Qa5 10. Kb1
(10. e5 dxe5 11. dxe5 Nxe5 12. b3 Qxc3 13. Ne2 Qc5 14. Qg7 Rg8 15. Qh6 Bf5 16.
Qd2 Nd3+ 17. Kb1 Nf2 18. g4 Nxd1 19. Qxd1 Bxc2+ 20. Qxc2 Qxc2+ 21. Kxc2 Rd8 22.
Ng3 a5 23. Bg2 c5 24. h3 Nd5 {Vergerio,C-Salinas,D/FRA 1998/EXT 2000/0-1 (56)})
10... Nb6 11. Nh3 Rb8 12. Qd2 b4 13. Ne2 Na4 14. Ka1 Be6 15. b3 Nc3 16. Nxc3
bxc3 17. Qg5 Qb4 18. Qe3 Nd7 19. Nf4 Nb6 20. g4 O-O 21. Rb1 Na4 22. Bh3 Rb5 23.
Nxe6 Ra5 24. Nxf8 {Pedersen,J-Lauridsen,J/Stavanger 1991/EXT 97/1-0 (45)}) 10.
h4 Bb7 11. g4 a6 12. Bh3 O-O-O 13. Qd2 Kb8 14. Nge2 e5 (14... b4 15. Nb1 $14)
15. Rhf1 (15. g5 $5 Nh5 16. a3 $16) 15... h6 $14 16. Rh1 b4 17. Na4 Qa5 18. b3
Rhe8 $2 (18... g5 $142 $5 $11 {sieht noch spielbar aus}) 19. a3 c5 20. dxc5
dxc5 21. Qd6+ Ka7 (21... Qc7 $142 22. g5 Qxd6 23. Rxd6 hxg5 24. hxg5 Kc7 $18)
22. g5 Nb6 23. Qxc5 (23. axb4 $142 {ginge schneller} 23... Qxb4 24. Qxb6+ (24.
Qxf6 Qa3+ 25. Kb1 Nxa4 26. bxa4 Bd5 27. Qb6+ Kxb6 28. Rxd5 Ka7 $19) 24... Qxb6
25. Nxb6 Nxe4 26. fxe4 Kxb6 27. Nc3 hxg5 28. hxg5 Rxd1+ 29. Rxd1 $18 (29. Nxd1
$6 Bxe4 30. Rf1 c4 $18)) 23... Qxc5 24. Nxc5 hxg5 25. hxg5 Nh7 26. axb4 Nxg5
27. Bg2 Rc8 (27... Bc6 28. Rxd8 Rxd8 29. c4 $16) 28. Kb2 Rh8 29. Ra1 Rhd8 30.
Nd3 Bc6 (30... Nd7 $142 $5 $16) 31. Nc3 $18 Kb7 32. Nc5+ (32. Nxe5 {
damit wuerde Weiss es sich noch erleichtern} 32... Rd2 33. Rhg1 f6 34. Nxg6 Re8
$18) 32... Kb8 33. Nxa6+ Kb7 34. Nc5+ Kb8 35. Nd3 Re8 36. Ra5 {Will b5 spielen}
36... f6 37. Ra6 Na8 $2 (37... Nd7 $18) 38. b5 (38. b5 Bb7 39. Rxf6 $18) 1-0

[Event "58. BEM 2004"]
[Site "Dortmund"]
[Date "2004.03.19"]
[Round "9.10"]
[White "Krause, Dieter"]
[Black "Woestmann, Ulrich"]
[Result "1-0"]
[WhiteElo "1873"]
[BlackElo "1972"]
[Annotator "Fritz 7 (15s)"]
[PlyCount "139"]
[EventDate "2004.??.??"]
[Source "SG Dortmund"]
[SourceDate "2004.12.16"]

{D94: Gruenfeld: 4 Nf3 Bg7 5 e3
} 1. d4 Nf6 2. c4 g6 3. Nc3 d5 4. e3 Bg7 5. Nf3
O-O 6. Be2 c5 7. dxc5 Qa5 8. O-O dxc4 9. Bxc4 Qxc5 10. Qd4 Qh5 11. Qh4 (11. Qe5
Qxe5 12. Nxe5 Nbd7 13. Nxd7 Bxd7 14. f3 Rfc8 15. Bb3 a5 16. a4 Ra6 17. e4 Rb6
18. Bd1 Bc6 19. Ra2 Nd7 20. Be3 Rb4 21. Rf2 Bd4 22. Bxd4 Rxd4 23. Bc2 Nc5 24.
Kf1 Rcd8 25. Ke1 e6 {Stepak,Y-Golod,V/Givatayim 1997/CBM 58 ext/0-1 (61)})
11... Qxh4 12. Nxh4 Nc6 13. Rd1 $146 (13. Bd2 Rd8 14. Rad1 Ne5 15. Be2 Bg4 16.
Bc1 Bxe2 17. Nxe2 Nd5 18. Nd4 Bf6 19. Nhf3 Nxf3+ 20. Nxf3 Nb4 21. a3 Nd3 22. b4
Rac8 23. g3 Nxc1 24. Rxd8+ Rxd8 25. Rxc1 {
1/2-1/2 Sofrevski,J-Pachman,L/Sarajevo 1961/MCD (25)}) 13... Ne5 14. Be2 Be6
15. Nf3 Rfd8 $4 (15... Nxf3+ 16. Bxf3 Rfd8 17. Bxb7 Rxd1+ 18. Nxd1 $11) 16. Nd4
$4 {ein schwacher Zug, der den Gewinn vergibt} (16. Nxe5 $142 {
und Weiss gewinnt} 16... Rxd1+ 17. Nxd1 $18) 16... Bc4 $11 17. Bxc4 Nxc4 18. b3
Nb6 19. Bb2 Rd7 20. Nf3 Rad8 21. Rxd7 Rxd7 22. Ne2 Ne4 23. Bxg7 Kxg7 24. Kf1
Nd2+ 25. Ke1 Nxf3+ 26. gxf3 e5 27. f4 e4 28. Rc1 f5 29. Nd4 Kf6 30. Ke2 Nd5 31.
Rc4 h6 32. h4 a6 33. a4 Rd6 34. Nc2 Ke6 35. Nd4+ Ke7 36. Nc2 b5 37. axb5 axb5
38. Rc8 b4 39. Ke1 Rb6 40. Rc4 {Greift b4 an} 40... Kd6 41. Kd2 Rc6 42. Rxc6+
Kxc6 43. Nd4+ Kc5 44. Ne6+ Kd6 45. Nd4 Nf6 46. Nc2 Kc5 47. Ke2 Nd5 48. Kd2 Ne7
49. Nd4 Nd5 (49... Kd6 $5 $15 {ist eine Alternative}) 50. h5 $11 gxh5 51. Nxf5
Nf6 52. Ke2 Kd5 53. Kf1 Ke6 54. Nd4+ Kd5 55. Kg2 Ng4 56. Kg3 Nf6 57. Kh4 Ng4 $2
(57... Kd6 $142 $5 $16) 58. Nc2 $18 Kc5 $2 (58... Nf6 $142 59. Nxb4+ Kc5 $18)
59. Kxh5 Nxf2 60. Kxh6 Kd6 61. Kg7 Ng4 62. Kg6 Ke6 63. Kg5 Nf2 (63... Nf6 {
aendert den Lauf der Dinge nicht} 64. Nxb4 Nh7+ 65. Kh6 $18) 64. Nxb4 Nd1 65.
Nc2 Nc3 66. Nd4+ {Jetzt haengt f5 in der Luft} 66... Kd5 (66... Kf7 {
waere gleichermassen fruchtlos} 67. Kf5 $18) 67. f5 Ke5 (67... Kd6 {
hilft auch nicht mehr} 68. f6 Nd5 69. f7 $18) 68. f6 (68. Nc6+ $142 {
erleichterte Weiss die Gewinnfuehrung} 68... Kd6 69. f6 $18) 68... Kd6 (68...
Nd5 {ist noch eine Idee} 69. f7 Nf6 $18) 69. Kg6 Nd5 70. f7 (70. f7 Nxe3 71.
f8=Q+ Kd5 72. Qd8+ Kc5 73. Ne6+ Kb4 74. Qb6+ Kc3 75. Qxe3+ Kb4 76. Qc5+ Kxb3
77. Nd4+ Ka4 78. Qc4+ Ka3 79. Qb3#) 1-0

[Event "58. BEM 2004"]
[Site "Dortmund"]
[Date "2004.03.19"]
[Round "9.11"]
[White "Mrozinski, Werner"]
[Black "Hardt, Helmut"]
[Result "1-0"]
[WhiteElo "1965"]
[BlackElo "1766"]
[Annotator "Fritz 7 (15s)"]
[PlyCount "65"]
[EventDate "2004.??.??"]
[Source "SG Dortmund"]
[SourceDate "2004.12.16"]

{E60: King's Indian: Unusual lines and Fianchetto Variation without Nc3
} 1.
Nf3 Nf6 2. b4 g6 3. Bb2 Bg7 4. c4 O-O 5. e3 d6 6. d4 Bg4 7. Be2 d5 $146 (7...
Nbd7 8. O-O c6 9. Nbd2 Re8 10. h3 Bxf3 11. Nxf3 e5 12. Qb3 exd4 13. Nxd4 a5 14.
b5 a4 15. Qa3 Qc7 16. Rfd1 Ne4 17. Rac1 Ndc5 18. Ba1 Rac8 19. Bf3 Qe7 20. Bg4
f5 21. Bf3 Bf6 22. Rb1 Be5 23. Bxe4 fxe4 24. bxc6 bxc6 25. Rb6 Qf6 26. Rf1 Rf8
27. Rbb1 Ne6 28. Nxe6 Qxe6 29. Bxe5 Qxe5 30. Qxa4 Rf7 31. Qa6 Qe6 32. Rb7 Rcc7
33. Rxc7 (33. Rxc7 Rxc7 34. Rb1 Qc8 35. Qa3 Rd7 36. Qb2 Qf8 37. Qd4 Qe8 38. Rb6
c5 39. Qd5+ Qf7 40. Qxe4 Kg7 41. g3 Qf5 42. Qxf5 gxf5 43. a4 Ra7 44. Rxd6 Rxa4
45. Rd5 f4 46. gxf4 Rxc4 47. Kg2 Rc1 48. Kf3 c4 49. Rc5 c3 50. f5 h5 51. Kf4 h4
52. e4 c2 53. e5 Kh6 54. e6 Kg7 55. Rc7+ Kh6 56. f6 {
1-0 Kempinski,R-Fernandes,A/Leon 2001/CBM 86 no vc (56)}) 33... Rxc7 34. Rb1
Qc8 35. Qa3 Rd7 36. Qb2 Qf8 37. Qd4 Qe8 38. Rb6 c5 39. Qd5+ Qf7 40. Qxe4 Kg7
41. g3 Qf5 42. Qxf5 {Kempinski,R-Fernandes,A/EuTCh, Leon ESP 2001/1-0 (56)}) (
7... c6 8. h3 (8. O-O Na6 9. a3 Nc7 10. h3 Bxf3 11. Bxf3 d5 12. cxd5 cxd5 13.
Nc3 e6 14. Rc1 Qd7 15. Be2 a6 16. Na4 Qd8 17. Qb3 Nd7 18. Rc2 b5 19. Nc5 Nxc5
20. bxc5 Re8 21. f4 f5 22. Bc3 Qd7 {
Mueri,F-Wunderle,K/Graechen 1999/EXT 2002/1-0 (51)}) 8... Bxf3 9. Bxf3 d5 10.
cxd5 cxd5 11. O-O Nc6 12. b5 Na5 13. Nd2 Rc8 14. Rc1 b6 15. Qa4 Qd7 16. Ba3
Rxc1 17. Rxc1 Rc8 18. Qd1 e6 19. Be2 Bf8 20. Bxf8 Kxf8 21. Rc2 Rxc2 22. Qxc2 {
Boehmert,A-Sarkosch,N/Hamburg 1999/EXT 2001/1/2-1/2 (43)}) 8. h3 Bf5 9. Nbd2 c6
10. O-O Re8 11. Qb3 Ne4 12. Rfd1 h6 {Es geht um g5} 13. Rac1 g5 (13... dxc4 14.
Nxc4 Be6 15. Qc2 $14) 14. Ne5 Nd7 15. cxd5 Nxe5 16. dxe5 cxd5 (16... Qxd5 $142
$5 17. g4 Bg6 $16) 17. Nxe4 $18 Bxe4 18. f3 Bf5 19. e4 $1 {ein Tiefschlag}
19... Bg6 (19... dxe4 {Nutzt die Fesselung aus} 20. Rxd8 {Motiv: Doppelangriff}
) 20. exd5 a5 21. bxa5 Rxa5 (21... Qxa5 22. Bc4 $18 (22. Qxb7 Reb8 23. Qxe7
Rxb2 $17)) 22. a4 Qb8 23. Bb5 Rd8 24. Qb4 {Ermoeglicht auch d6} 24... Ra8 (
24... Qa7+ 25. Kh2 b6 $18) 25. Qxe7 Qa7+ 26. Bd4 Qa5 27. d6 Bf5 28. Qxb7 Qb4
29. Qd5 Be6 30. Qc5 Qb3 (30... Qxc5 {macht keinen grossen Unterschied} 31. Rxc5
Bb3 32. Rd2 Bxa4 33. Bxa4 Rxa4 34. Bc3 $18) 31. Qc3 Qa2 (31... Kh7 {
aendert nichts mehr} 32. Kf2 $18) 32. Qb2 (32. Bb6 $142 {ist der schnellste Weg
} 32... Rdb8 33. Bc7 Rxb5 34. axb5 Qe2 $18) 32... Qd5 (32... Qxb2 {
aendert nichts am Ausgang der Partie} 33. Bxb2 Bb3 34. Rd2 Bxa4 35. Bxa4 Rxa4
36. Rdc2 $18) 33. Bc6 (33. Bc6 Qa5 34. Bb6 Bxe5 35. Qb1 $18) 1-0

[Event "58. BEM 2004"]
[Site "Dortmund"]
[Date "2004.03.19"]
[Round "9.14"]
[White "Gielisch, Eckhart"]
[Black "Krüger, Georg"]
[Result "1/2-1/2"]
[WhiteElo "1851"]
[BlackElo "1753"]
[Annotator "Fritz 7 (15s)"]
[PlyCount "46"]
[EventDate "2004.??.??"]
[Source "SG Dortmund"]
[SourceDate "2004.12.16"]

{E18: Queen's Indian: Old Main Line (4 g3 Bb7 5 Bg2 Be7 6 0-0 0-0 7 Nc3)
} 1.
d4 Nf6 2. c4 e6 3. Nf3 b6 4. g3 Bb7 5. Bg2 Be7 6. O-O O-O 7. Nc3 d5 8. b3 c6 (
8... c5 9. e3 Nbd7 10. Bb2 Rc8 11. cxd5 Nxd5 12. Nxd5 Bxd5 13. Rc1 c4 14. e4
Bxe4 15. bxc4 Nf6 16. Qe2 Rc7 17. Rfd1 Qa8 18. a3 h6 19. Rc3 Rfc8 20. Rdc1 Qb7
21. Re3 b5 22. c5 Bd5 23. Qc2 {
Schmitz,M-Zumsande,M/Bad Zwesten 2000/EXT 2001/0-1 (39)}) (8... Nbd7 9. Bf4 h6
10. Rc1 dxc4 11. bxc4 c5 12. e3 Ne4 13. Qb3 Nxc3 14. Rxc3 g5 15. Be5 g4 16. Ne1
Bxg2 17. Nxg2 Nxe5 18. dxe5 Qc7 19. Rd3 Rfd8 20. Rxd8+ Bxd8 21. Qc3 b5 22. Nf4
Be7 23. Nd3 {Raabe ,M-Schnelle,M/Bergneustadt 2001/EXT 2002/1-0 (37)}) 9. Re1
$146 (9. Bb2 Na6 10. a3 Rc8 11. Ne5 Qc7 12. Rc1 dxc4 13. Nxc4 Rfd8 14. e3 c5
15. Nb5 Qb8 16. Qe2 Bxg2 17. Kxg2 Qb7+ 18. Kg1 Nc7 19. Nxc7 Rxc7 20. Rfd1 cxd4
21. Bxd4 b5 22. Bxf6 Rxd1+ 23. Rxd1 Bxf6 24. Nd6 Qb6 25. Qxb5 Qxb5 26. Nxb5 Rb7
27. Nd4 g6 28. b4 Rd7 29. Rc1 Be7 30. Rc3 Kg7 31. Kf1 Bf6 32. Ke2 {
1-0 Bollmann,H-Niessen,H/GER 1996/EXT 2001 (32)}) 9... Nbd7 10. Qc2 Rc8 11. Bg5
h6 12. Bf4 a6 {Befestigt b5} 13. Rad1 c5 14. Ne5 (14. e4 $5 {ist interessant}
14... dxc4 15. d5 cxb3 16. axb3 exd5 17. e5 $11) 14... cxd4 $17 15. Rxd4 (15.
Nb1 $17) 15... b5 (15... Nxe5 $5 16. Bxe5 Nd7 $19) 16. Qb2 (16. cxd5 Nxd5 17.
Nxd5 Rxc2 18. Nxe7+ Qxe7 19. Rxd7 $17) 16... Qb6 $17 17. Nxd7 Nxd7 18. Be3 Bc5
19. Rg4 Bxe3 (19... d4 $5 20. Rxd4 Bxd4 21. Bxd4 Qxd4 22. Bxb7 Rcd8 23. cxb5
axb5 $17) 20. Nxd5 $15 {Motiv: Doppelangriff.} 20... Bxf2+ (20... exd5 21.
Qxg7# {Die schoensten Kombinationen sind die, welche zum Matt fuehren}) 21. Kf1
Bd4 22. Nxb6 $2 (22. Qxd4 $142 {und Weiss kann noch kaempfen} 22... Qxd4 23.
Ne7+ (23. Rxd4 $2 exd5 24. cxb5 axb5 $19) 23... Kh7 24. Rxd4 Bxg2+ 25. Kxg2 $15
) 22... Bxg2+ $17 23. Kxg2 Bxb2 1/2-1/2

[Event "58. BEM 2004"]
[Site "Dortmund"]
[Date "2004.03.19"]
[Round "9.15"]
[White "Hellwig, Thomas"]
[Black "Benke, Werner"]
[Result "1-0"]
[WhiteElo "1806"]
[BlackElo "1609"]
[Annotator "Fritz 7 (15s)"]
[PlyCount "97"]
[EventDate "2004.??.??"]
[Source "SG Dortmund"]
[SourceDate "2004.12.16"]

{E18: Queen's Indian: Old Main Line (4 g3 Bb7 5 Bg2 Be7 6 0-0 0-0 7 Nc3)
} 1.
d4 d5 2. c4 e6 3. Nf3 Nf6 4. Nc3 Be7 5. g3 b6 6. Bg2 O-O 7. O-O Bb7 8. Ne5 Nbd7
9. Qa4 Nxe5 10. dxe5 Nd7 11. cxd5 exd5 12. Nxd5 Nc5 13. Qd1 c6 14. Nxe7+ (14.
Nc3 Qc7 15. f4 Ne6 16. Be3 Rfd8 17. Qc2 c5 18. Ne4 Nd4 19. Bxd4 Rxd4 20. e3 Rd7
{0-1 Stachowiak,K-Knap,J/Polanica Zdroj 2001/EXT 2002 (20)}) 14... Qxe7 15. Qd6
Rfe8 16. b4 Ne6 $146 (16... Na6 17. Rb1 Qxe5 18. Qxe5 Rxe5 19. b5 Nc5 20. bxc6
Ba6 21. c7 Rae8 22. Bc6 Rc8 23. Rd1 h6 24. Rd8+ Kh7 25. Bf4 Re6 26. Bb5 Bb7 27.
Rbd1 g5 28. Rxc8 Bxc8 29. Bd6 a6 30. Bc4 Re4 31. Bxf7 Rxe2 32. Kf1 Rc2 33. Bd5
Kg6 34. Kg2 Kf6 35. h4 gxh4 36. gxh4 Ne6 37. Rd3 Nxc7 38. Rf3+ Kg7 39. Rf7+ Kg6
40. Rxc7 {1-0 Gross,G-Enigk,F/Dudweiler 1996/CBM 55 ext (40)}) 17. Qxe7 Rxe7
18. Rd1 Rd8 $2 (18... c5 $142 $5 $16) 19. Rxd8+ $18 Nxd8 20. Bg5 Rd7 21. Bxd8
Rxd8 22. b5 $1 {schoen gesehen} 22... Rc8 (22... cxb5 {Nutzt die Fesselung aus}
23. Bxb7) 23. Rd1 Kf8 24. Rd7 Ba8 25. Rxa7 Ke8 (25... h5 {
hilft allerdings auch nicht} 26. Ra6 $18) 26. Ra6 (26. Rxa8 $142 {
sichert den Gewinn} 26... Rxa8 27. Bxc6+ Ke7 28. Bxa8 $18) 26... Ke7 27. Rxb6 (
27. a4 $142 $5 {gibt noch groesseren Vorteil} 27... Kf8 $18) 27... cxb5 28.
Bxa8 Rxa8 29. Rxb5 Rxa2 30. e3 Ke6 31. Kg2 Rc2 32. h4 Rd2 33. Kf3 Ra2 34. h5
Rc2 35. h6 g6 36. Rb8 Kxe5 37. Rh8 Kf6 38. Rxh7 Rc1 39. Rh8 Rh1 (39... g5 40.
Rd8 Rh1 41. Kg4 $18) 40. Kf4 (40. Kg2 $5 {
damit wuerde Weiss es sich noch erleichtern} 40... Rh5 $18) 40... Rf1 41. f3
Rh1 42. e4 Rh3 (42... Rh5 $18) 43. Kg4 Rh1 44. f4 Rh2 45. e5+ Ke7 46. h7 Rh1
47. Kf3 Rh2 48. e6 fxe6 (48... Kf6 {ist vielleicht ein Schwindelversuch} 49.
exf7 Kxf7 $18) 49. Ra8 (49. Ra8 Kf7 50. h8=R Rxh8 51. Rxh8 $18) 1-0

[Event "58. BEM 2004"]
[Site "Dortmund"]
[Date "2004.03.19"]
[Round "9.16"]
[White "Volmer, Martin"]
[Black "Noori, Mir Ahmad"]
[Result "1-0"]
[WhiteElo "1779"]
[BlackElo "1553"]
[Annotator "Fritz 7 (15s)"]
[PlyCount "101"]
[EventDate "2004.??.??"]
[Source "SG Dortmund"]
[SourceDate "2004.12.16"]

{A40: Unusual replies to 1 d4
} 1. d4 e6 2. c4 d6 3. Nc3 g6 $146 (3... Be7 4.
e4 c6 5. Nf3 Nd7 6. Be3 Qc7 7. Be2 Ngf6 8. O-O h6 9. Rc1 b6 10. d5 e5 11. dxc6
Qxc6 12. Qc2 Bb7 13. Nd5 Nxd5 14. cxd5 Qxc2 15. Rxc2 Bd8 16. Bb5 Ke7 17. Nd2 a6
18. Bc6 {Lorente,L-Gil Quilez,D/Logrono 2001/EXT 2002/1-0 (30)}) (3... h6 4. e4
Ne7 5. Bd3 Nd7 6. f4 g6 7. Nf3 Bg7 8. O-O f5 9. Be3 O-O 10. Qd2 Re8 11. Rae1
Nf8 12. Bf2 Nh7 13. exf5 exf5 14. d5 Bd7 15. Nd4 Bf6 16. Bc2 Nf8 17. Re2 c5 18.
dxc6 {Bagirov,V-Scharff,K/Leverkusen 1997/CBM 60 ext/1-0 (28)}) (3... Nf6 4.
Nf3 Be7 5. e3 b6 6. Bd3 Bb7 7. O-O c6 8. a3 Nbd7 9. Qc2 d5 10. Nd2 Qc7 11. b4
dxc4 12. Nxc4 e5 13. dxe5 Nxe5 14. Nxe5 Qxe5 15. Bb2 Qg5 16. f4 Qh4 17. Rf3 Qg4
18. Rg3 {Kleber,G-Klarner,K/Bayern 1998/EXT 2001/1-0 (40)}) (3... Nd7 4. Nf3 h6
5. e4 g6 6. Bd3 Bg7 7. O-O Ne7 8. Re1 e5 9. d5 g5 10. Be3 Ng6 11. h3 Nf6 12.
Nh2 Nf4 13. Bxf4 gxf4 14. Be2 h5 15. b4 Rg8 16. Bxh5 Bh6 17. Bf3 Bxh3 18. Kh1 {
Walder,R-Gehring,J/Hollabrunn 1998/EXT 99/0-1 (37)}) 4. e4 Bg7 5. f4 Ne7 6. Nf3
c6 {Sichert b5+d5} 7. Be3 d5 8. cxd5 cxd5 9. e5 {Raumgewinn.} 9... Nf5 10. Bf2
a6 {Punkt b5} 11. Bd3 Ne7 12. O-O O-O 13. Rc1 b5 14. b4 Bd7 15. Qb3 Qb6 16. a4
bxa4 17. Nxa4 Bxa4 18. Qxa4 Nbc6 19. b5 axb5 20. Qxb5 Qxb5 21. Bxb5 Rfc8 22.
Rc5 Na7 23. Ba6 Rxc5 24. dxc5 Nac6 25. Bb7 Rb8 26. Bxc6 Nxc6 {
Der schwarze Springer blockiert den Bauern c5} 27. Ra1 Bf8 28. g3 Rc8 29. Rb1
Na5 {Nimmt den isolierten Bauern c5 ins Visier} 30. Rb5 Nc4 31. Kf1 h6 32. h4
Ra8 33. c6 Rc8 34. Nd4 {
Hier kann der weisse Springer nicht durch Bauern angegriffen werden} 34... Be7
(34... Nd2+ $142 $5 {sieht gut aus} 35. Kg2 Ne4 $11) 35. Rb7 $16 Bc5 $4 {
fuehrt zu weiteren Sorgen} (35... Kf8 $142 $16) 36. c7 $18 Kg7 37. Nb5 Nd2+ 38.
Ke2 Bxf2 39. Kxf2 (39. Kxd2 $6 {ist minderwertig} 39... Bxg3 40. Ke3 g5 $18)
39... Ne4+ 40. Kg2 Nc5 (40... g5 {macht keinen grossen Unterschied} 41. fxg5
hxg5 42. Nd6 $18) 41. Rb8 Rxc7 42. Nxc7 Ne4 43. Ne8+ Kh7 44. Nd6 g5 (44... Kg7
{aendert nichts mehr} 45. Rb7 $18) 45. Nxe4 dxe4 46. hxg5 hxg5 47. Kf2 Kg6 48.
Ke3 gxf4+ (48... f6 {waere gleichermassen fruchtlos} 49. Kxe4 f5+ 50. Kd4 $18)
49. gxf4 Kf5 (49... Kg7 50. Kxe4 f5+ 51. Kd4 Kf7 52. Kc5 Kg7 53. Kd6 Kh7 54.
Rb7+ Kg6 55. Kxe6 Kh6 56. Kxf5 Kh5 57. Rh7#) 50. Rf8 (50. Rg8 f6 51. Rf8 Kg4
52. Rxf6 Kg3 53. Rg6+ Kh4 54. Kxe4 Kh5 55. Rxe6 Kg4 56. Rg6+ Kh5 57. f5 Kh4 58.
Kf3 Kh5 59. Kf4 Kh4 60. Rh6#) 50... Kg6 51. Kxe4 (51. Kxe4 Kg7 52. Re8 $18) 1-0

[Event "58. BEM 2004"]
[Site "Dortmund"]
[Date "2004.03.19"]
[Round "9.17"]
[White "Klein, Hans-Joachim"]
[Black "Barskij, Aleksandr"]
[Result "1-0"]
[WhiteElo "1637"]
[BlackElo "1828"]
[Annotator "Fritz 7 (15s)"]
[PlyCount "91"]
[EventDate "2004.??.??"]
[Source "SG Dortmund"]
[SourceDate "2004.12.16"]

{B50: Sicilian: 2...d6, Miscellaneous
} 1. e4 c5 2. Nf3 d6 3. Bc4 Nc6 4. a3 (4.
d3 e6 5. Nbd2 a6 6. a3 g6 7. Rb1 Bg7 8. b4 b5 9. Ba2 Nf6 10. O-O O-O 11. c3
cxb4 12. cxb4 Bb7 13. Bb2 Rc8 14. Nb3 Nd7 15. Bxg7 Kxg7 16. Qd2 Qf6 17. Qe3 Ra8
18. Nfd4 Nxd4 19. Nxd4 Rfc8 20. Rfc1 Rxc1+ 21. Rxc1 Rc8 22. Rxc8 Bxc8 23. h3
Bb7 24. Bb3 d5 25. exd5 Bxd5 26. Bxd5 exd5 27. Kf1 {
1/2-1/2 Sydor,A-Hamann,S/Aarhus 1971/EXT 2000 (27)}) 4... g6 $146 (4... Nf6 5.
d3 h6 6. c3 e6 7. O-O Be7 8. b4 Qc7 9. bxc5 dxc5 10. Re1 O-O 11. Nbd2 Rd8 12.
Nb3 b6 13. g3 a6 14. a4 Rb8 15. d4 cxd4 16. cxd4 Nxd4 17. Bf4 Nxf3+ 18. Qxf3 e5
19. Rec1 {Birgani,F-Strojevs,A/Edmondton 2000/EXT 2002/0-1 (42)}) 5. d3 Bg7 6.
Nc3 Nd4 7. Be3 e6 {Es geht um d5} 8. O-O a6 {Kontrolliert b5} 9. Bxd4 cxd4 10.
Ne2 b5 11. Ba2 Qb6 {Schwarz hat Entwicklungsnachteil.} 12. Ng3 Ne7 13. Qe2 Nc6
{Ermoeglicht auch b4} 14. h3 O-O 15. h4 Bd7 16. h5 b4 17. Ng5 (17. Bc4 $5 $15 {
ist zu erwaegen}) 17... h6 18. Nh3 Kh7 (18... bxa3 19. bxa3 g5 20. Qd2 $17) 19.
Qg4 (19. axb4 $5 {lohnt die Pruefung} 19... Rac8 20. Bc4 $15) 19... Ne5 20. Qe2
g5 21. f4 (21. axb4 $5 Qxb4 22. Bb3 $17) 21... gxf4 $19 22. Rxf4 bxa3 23. bxa3
Qb2 24. Rff1 Ba4 25. Qf2 (25. Bb3 Bxb3 26. cxb3 Qxb3 $19) 25... Ng4 26. Qf4 (
26. Qf3 Ne3 27. Rfb1 Qxc2 28. Nf2 $19) 26... Ne3 27. Ng5+ (27. Rfb1 {
ist ein letzter Strohhalm} 27... Qxc2 28. Qf3 Qxd3 29. Nf2 $19) 27... hxg5 28.
Qxg5 (28. Qf2 {aendert nichts am Ausgang der Partie} 28... Nxf1 29. Qxf1 Bxc2
30. Bc4 $19) 28... Bh6 (28... Nxf1 $142 {und Weiss kann direkt aufgeben} 29.
Nf5 exf5 30. Qxf5+ Kh8 31. Qxf1 f5 $19) 29. Rxf7+ Rxf7 30. Qg6+ Kh8 31. Qxh6+
Kg8 32. Qg6+ Kf8 33. Bxe6 (33. Qh6+ Ke8 34. Qxe6+ Re7 35. Qg6+ Kd8 36. Qxd6+
Rd7 37. Qf8+ Kc7 38. Qc5+ Bc6 39. Rb1 Qxa2 40. Qb6+ Kd6 41. Rc1 Qxa3 42. Qxd4+
Nd5 43. Rf1 $19) 33... Qxa1+ 34. Kh2 Be8 (34... Rf2 35. Qh6+ Ke7 36. Nf5+ Nxf5
37. exf5 $19) 35. h6 Nf1+ (35... Ke7 {und Schwarz haette es noch leichter} 36.
Bxf7 Bxf7 37. Qg5+ Kd7 38. Qg7 $19) 36. Kh3 (36. Nxf1 Qxf1 37. h7 Qf4+ 38. Kh3
Rxh7+ 39. Qxh7 $19) 36... Nxg3 37. Bxf7 Qh1+ (37... Nh5 $142 {
liesse Weiss keine Chance} 38. Qg8+ Ke7 39. Qg5+ Kxf7 40. Qxh5+ Kf6 $19) 38.
Kxg3 $11 Bxf7 39. Qxd6+ Kg8 40. Qf6 Qe1+ $4 {und der Gewinn ist perdu} (40...
Kf8 $142 {war relativ besser} 41. Qd6+ Kg8 $11) 41. Kh2 $18 Kf8 42. h7 Qh4+ 43.
Qxh4 Kg7 44. e5 Rf8 (44... Bg6 {holt die Kuh nicht vom Eis} 45. Qxd4 Rh8 46.
Qa7+ Kf8 47. Qxa6 Rxh7+ 48. Kg3 $18) 45. Qf6+ (45. Qe7 $142 {ist genauer} 45...
Kxh7 46. Qxf8 Kg6 $18) 45... Kxh7 46. e6 (46. e6 Kg8 47. exf7+ Rxf7 48. Qxa6
Rh7+ 49. Kg3 $18) 1-0